| 000 | 00889cab a2200277 4500 | ||
|---|---|---|---|
| 001 | ABS49391 | ||
| 008 | 090401t1993 xxu||||| |||| 00| 0 eng d | ||
| 035 | _a(Sirsi) u71074 | ||
| 041 | _aeng | ||
| 100 | _aClark, S. | ||
| 245 | _aNo register, but surveyors can`t ignore contamination | ||
| 260 | _c1993 | ||
| 350 | _a0 | ||
| 490 |
_aBuilding Engineer _vSeptember 1993, 12-13(2) |
||
| 520 | _aAlthough Government has abandoned plans for a register of contaminated land, the author, an environmental geologist with a law firm, examines how this affects the surveyor`s professional duty. | ||
| 650 | _aCONTAMINATED LAND | ||
| 650 | _aENVIRONMENTAL ISSUES | ||
| 650 | _aLIABILITY | ||
| 650 | _aSURVEYORS | ||
| 650 | _aVALUERS | ||
| 650 | _aVALUES | ||
| 690 | _aLAND | ||
| 690 | _aMANAGEMENT-BUSINESS MANAGEMENT-PROFESSIONAL PRACTICE | ||
| 942 | _n0 | ||
| 948 | _c04/03/1997 | ||
| 999 |
_c44776 _d44776 |
||